UM Logo

A carrier-based discontinuous PWM method for five-level flying capacitor rectifier with unbalanced DC-link voltages / (Record no. 19808)

MARC details
000 -LEADER
fixed length control field 01118nam a22002537a 4500
003 - CONTROL NUMBER IDENTIFIER
control field OSt
005 - DATE AND TIME OF LATEST TRANSACTION
control field 20250916165106.0
008 - FIXED-LENGTH DATA ELEMENTS--GENERAL INFORMATION
fixed length control field 240322b ||||| |||| 00| 0 eng d
040 ## - CATALOGING SOURCE
Transcribing agency 0
082 ## - DEWEY DECIMAL CLASSIFICATION NUMBER
Classification number DPer 621.381 In821 September 2022 v. 37 n. 9
100 ## - MAIN ENTRY--PERSONAL NAME
Personal name Zhang, Peng.
Relator term author.
9 (RLIN) 55215
245 ## - TITLE STATEMENT
Title A carrier-based discontinuous PWM method for five-level flying capacitor rectifier with unbalanced DC-link voltages /
Statement of responsibility, etc. Peng Zhang, Xuezhi Wu, Shan He, Wenzheng Xu, Jingdou Liu, Jingjing Qi, and Anna Yang.
260 ## - PUBLICATION, DISTRIBUTION, ETC. (IMPRINT)
Place of publication, distribution, etc. New York ;
Name of publisher, distributor, etc. The Institute of Electrical and Electronics Engineers, Inc. ,
Date of publication, distribution, etc. September 2022.
300 ## - PHYSICAL DESCRIPTION
Extent Volume 37, pages 10384-10398 :
Other physical details illustration ;
Dimensions 28 cm.
500 ## - GENERAL NOTE
General note IEEE Transitions on Power Electronics, v. 37 n. 9, pages 10384-10398, September 2022.
700 ## - ADDED ENTRY--PERSONAL NAME
Personal name Zhang, Peng.
Relator term author.
9 (RLIN) 55215
700 ## - ADDED ENTRY--PERSONAL NAME
Personal name Wu, Xuezhi.
Relator term author.
9 (RLIN) 55216
700 ## - ADDED ENTRY--PERSONAL NAME
Personal name He, Shan.
Relator term author.
9 (RLIN) 55217
700 ## - ADDED ENTRY--PERSONAL NAME
Personal name Xu, Wenzheng.
Relator term author.
9 (RLIN) 55218
700 ## - ADDED ENTRY--PERSONAL NAME
Personal name Liu, Jingdou.
Relator term author.
9 (RLIN) 55219
700 ## - ADDED ENTRY--PERSONAL NAME
Personal name Qi, Jingjing.
Relator term author.
9 (RLIN) 55220
700 ## - ADDED ENTRY--PERSONAL NAME
Personal name Yang, Anna.
Relator term author.
9 (RLIN) 55221
942 ## - ADDED ENTRY ELEMENTS (KOHA)
Source of classification or shelving scheme Dewey Decimal Classification
Koha item type Periodicals
Holdings
Withdrawn status Lost status Source of classification or shelving scheme Damaged status Not for loan Collection code Home library Current library Date acquired Total Checkouts Full call number Date last seen Price effective from Koha item type Public note
    Dewey Decimal Classification     Periodicals UM Digos College - LIC UM Digos College - LIC 03/22/2024   DPer 621.381 In821 September 2022 v. 37 n. 9 03/22/2024 03/22/2024 Periodicals Periodical Article